WEST AFRICAN VERSE; (Record no. 1592)
[ view plain ]
| 000 -LEADER | |
|---|---|
| fixed length control field | 00377nam a22001457a 4500 |
| 005 - DATE AND TIME OF LATEST TRANSACTION | |
| control field | 20241127110939.0 |
| 008 - FIXED-LENGTH DATA ELEMENTS--GENERAL INFORMATION | |
| fixed length control field | 241127b |||||||| |||| 00| 0 eng d |
| 020 ## - INTERNATIONAL STANDARD BOOK NUMBER | |
| International Standard Book Number | 9780582601000 |
| 050 ## - LIBRARY OF CONGRESS CALL NUMBER | |
| Classification number | PR9898. |
| Item number | WAN9 NWO |
| 100 ## - MAIN ENTRY--PERSONAL NAME | |
| Personal name | NWOGA, IBE |
| 245 ## - TITLE STATEMENT | |
| Title | WEST AFRICAN VERSE; |
| Remainder of title | AN ANTHLOGY |
| 260 ## - PUBLICATION, DISTRIBUTION, ETC. | |
| Place of publication, distribution, etc. | ENGLAND |
| Name of publisher, distributor, etc. | PEARSON EDUCATION LTD |
| Date of publication, distribution, etc. | c1967 |
| 300 ## - PHYSICAL DESCRIPTION | |
| Extent | 242p |
| 942 ## - ADDED ENTRY ELEMENTS (KOHA) | |
| Source of classification or shelving scheme | Library of Congress Classification |
| Koha item type | Books |
| Suppress in OPAC | No |
| 999 ## - | |
| -- | 1592 |
| -- | 1592 |
| Withdrawn status | Lost status | Source of classification or shelving scheme | Damaged status | Not for loan | Home library | Current library | Shelving location | Date acquired | Total checkouts | Full call number | Barcode | Date last seen | Copy number | Price effective from | Koha item type | Collection |
|---|---|---|---|---|---|---|---|---|---|---|---|---|---|---|---|---|
| Library of Congress Classification | Business Library (Miotso) | Business Library (Miotso) | General stacks | 03/27/2026 | PR9898 .WAN9 NWO | BSSM00003794 | 04/24/2026 | 4 | 03/27/2026 | Books | Non-fiction | |||||
| Library of Congress Classification | Business Library (Miotso) | Business Library (Miotso) | General stacks | 03/27/2026 | PR9898 .WAN9 NWO | BSSM00003795 | 04/24/2026 | 5 | 03/27/2026 | Books | Non-fiction | |||||
| Library of Congress Classification | Business Library (Miotso) | Business Library (Miotso) | General stacks | 03/27/2026 | PR9898 .WAN9 NWO | BSSM00003796 | 04/24/2026 | 1 | 03/27/2026 | Books | Non-fiction | |||||
| Library of Congress Classification | Undergraduate Library (Christ Temple) | Undergraduate Library (Christ Temple) | General stacks | 11/27/2024 | PR9898.WAN9 NWO | ulct00000380 | 11/27/2024 | 2 | 11/27/2024 | Books | ||||||
| Library of Congress Classification | Undergraduate Library (Christ Temple) | Undergraduate Library (Christ Temple) | General stacks | 11/27/2024 | PR9898.WAN9 NWO | ulct00000381 | 11/27/2024 | 3 | 11/27/2024 | Books |